000 00723nam a22002417a 4500
003 24.138.161.246
005 20140310182115.0
008 130318t xxu||||| |||| 00| 0 eng d
020 _a0812091914
050 _aGV 1548
_b.Ox955 1995
082 _aGS 793.8
_bOx4 1994
100 _aOxlade,Chris
_913052
245 _aScience magic with forces /
_cChris Oxlade
250 _a1st ed.
260 _aHauppauge, NY
_bBarron's
_c1994, c1993
300 _a30 p.:
_bill.col. ;
_c25.9 cm.
650 _aConjuring
_xJuvenile literature
_914017
650 _aForce and energy
_xJuvenile literature
_914018
650 _aScientific recreation
_914019
650 _aForce and energy
_914020
942 _2lcc
_cHS
999 _c9450
_d9450